Alle Städte und Gemeinden im Kreis Steinfurt - Statistiken

Allgemein
  • Dieses Quiz wurde 185 mal gespielt
  • Das Durchschnittsergebnis liegt bei 14 aus 24
Antwortstatistiken
Hint Antwort % Korrekt
mittlere kreisangehörige Stadt Steinfurt
93%
große kreisangehörige Stadt Rheine
91%
mittlere kreisangehörige Stadt Ibbenbüren
84%
mittlere kreisangehörige Stadt Emsdetten
76%
mittlere kreisangehörige Stadt Greven
74%
kreisangehörige Stadt Tecklenburg
66%
kreisangehörige Stadt Lengerich
65%
kreisangehörige Gemeinde Saerbeck
63%
kreisangehörige Stadt Ochtrup
62%
kreisangehörige Gemeinde Altenberge
60%
kreisangehörige Stadt Hörstel
60%
kreisangehörige Gemeinde Laer
57%
kreisangehörige Gemeinde Lotte
57%
kreisangehörige Gemeinde Wettringen
57%
kreisangehörige Gemeinde Neuenkirchen
54%
kreisangehörige Gemeinde Nordwalde
53%
kreisangehörige Gemeinde Metelen
51%
kreisangehörige Gemeinde Mettingen
50%
kreisangehörige Gemeinde Ladbergen
47%
kreisangehörige Gemeinde Recke
47%
kreisangehörige Gemeinde Hopsten
46%
kreisangehörige Stadt Horstmar
46%
kreisangehörige Gemeinde Lienen
38%
kreisangehörige Gemeinde Westerkappeln
37%
Keine übereinstimmenden Quizze gefunden
Verteilung der Resultate
Anzahl Personen mit jedem Resultat
Perzentil nach korrekt beantworteten Fragen
Ihre Resultats-Entwicklung
Sie haben dieses Quiz noch nicht gespielt